[Event "Titled Tuesday intern op 7th Mar Late"]
[Site "Chess.com INT"]
[Date "2023.03.07"]
[Round "3"]
[White "Herbst, Richard"]
[Black "Erzhanov, Arman"]
[Result "1-0"]
[WhiteElo "2120"]
[BlackElo "2228"]
[PlyCount "67"]
[EventDate "2023.03.07"]
[EventType "swiss (blitz)"]
[EventRounds "11"]
[EventCountry "USA"]
[SourceTitle "EXT 2024"]
[Source "ChessBase"]
[SourceDate "2023.10.10"]
[SourceVersion "1"]
[SourceVersionDate "2023.10.10"]
[SourceQuality "1"]

1. e4 d6 2. d4 Nf6 3. Nc3 e5 4. Nf3 Nbd7 5. Bc4 Be7 6. 0-0 0-0 7. a4 a5 8. Re1 c6 9. h3 Nb6 10. Bf1 exd4 11. Nxd4 d5 12. e5 Ne8 13. f4 g6 14. Kh1 Ng7 15. g4 Bh4 16. Re2 Nd7 17. Rg2 Nc5 18. f5 Re8 19. Bf4 Bg5 20. Qf3 Bxf4 21. Qxf4 Qh4 22. Nf3 Qd8 23. Re1 Ne4 24. Nxe4 dxe4 25. Rxe4 Qd1 26. Re1 Qd5 27. Bc4 Qd7 28. f6 Ne6 29. Qh6 b5 30. Bxe6 fxe6 31. Ng5 Rf8 32. Rd2 Qb7 33. f7+ Rxf7 34. Rd8+ 1-0

[Event "Titled Tuesday intern op 28th Feb Early"]
[Site "Chess.com INT"]
[Date "2023.02.28"]
[Round "2"]
[White "Michelakos, Panagiotis"]
[Black "Herbst, Richard"]
[Result "1-0"]
[WhiteElo "2282"]
[BlackElo "2108"]
[PlyCount "75"]
[EventDate "2023.02.28"]
[EventType "swiss (blitz)"]
[EventRounds "11"]
[EventCountry "USA"]
[SourceTitle "CBM 213 Extra"]
[Source "ChessBase"]
[SourceDate "2023.05.31"]
[SourceVersion "1"]
[SourceVersionDate "2023.05.31"]
[SourceQuality "1"]

1. e4 c5 2. b4 cxb4 3. a3 bxa3 4. d4 d6 5. Nxa3 Nf6 6. Bd3 g6 7. Ne2 Bg7 8. 0-0 0-0 9. c3 Nc6 10. f4 a6 11. f5 Rb8 12. Nc2 b5 13. Bg5 Bd7 14. Ne3 Qb6 15. Bxf6 Bxf6 16. Nd5 Qd8 17. Nxf6+ exf6 18. Rxa6 Rb6 19. Ra1 Ne7 20. Qb3 Kg7 21. Nf4 Qc7 22. Rfc1 Rc8 23. g3 Qb7 24. Ra2 Ra8 25. Rxa8 Qxa8 26. Re1 Qb7 27. Qb4 Ra6 28. Bf1 Qc6 29. c4 bxc4 30. Qxc4 Rb6 31. Qxc6 Bxc6 32. fxg6 hxg6 33. Kf2 Rb4 34. Ke3 f5 35. e5 dxe5 36. dxe5 g5 37. Nd3 Rb3 38. Kd4 1-0

[Event "Titled Tuesday intern op 28th Feb Early"]
[Site "Chess.com INT"]
[Date "2023.02.28"]
[Round "4"]
[White "Sanchez, Roberto Daniel"]
[Black "Herbst, Richard"]
[Result "1/2-1/2"]
[WhiteElo "1971"]
[BlackElo "2108"]
[PlyCount "92"]
[EventDate "2023.02.28"]
[EventType "swiss (blitz)"]
[EventRounds "11"]
[EventCountry "USA"]
[SourceTitle "CBM 213 Extra"]
[Source "ChessBase"]
[SourceDate "2023.05.31"]
[SourceVersion "1"]
[SourceVersionDate "2023.05.31"]
[SourceQuality "1"]

1. e4 c5 2. Nf3 Nc6 3. d4 cxd4 4. Nxd4 e5 5. Nb5 d6 6. N1c3 a6 7. Na3 b5 8. Nd5 Be7 9. c4 b4 10. Nc2 a5 11. Bd3 Be6 12. 0-0 h6 13. f4 exf4 14. Nxf4 Nf6 15. Nxe6 fxe6 16. Bf4 Ne5 17. Kh1 Qc7 18. Nd4 Qd7 19. Bxe5 dxe5 20. Nf3 Qc7 21. Qa4+ Nd7 22. Ng1 Rf8 23. Rxf8+ Kxf8 24. Rf1+ Kg8 25. Qd1 Nf6 26. Nf3 Rd8 27. Qe2 Bc5 28. Bc2 Bd4 29. Nxd4 Rxd4 30. b3 Qc6 31. Qf3 Rd2 32. Bb1 Qd6 33. h3 Qd4 34. Kh2 Kh7 35. Qg3 Rd1 36. Rxd1 Qxd1 37. Qd3 Qe1 38. c5 Nh5 39. c6 Qc1 40. Qc2 Qf4+ 41. Kg1 Qe3+ 42. Kh2 Qg3+ 43. Kh1 Qe1+ 44. Kh2 Qg3+ 45. Kg1 Qe1+ 46. Kh2 Qg3+ 1/2-1/2

[Event "Titled Tuesday intern op 17th Jan Late"]
[Site "Chess.com INT"]
[Date "2023.01.17"]
[Round "10"]
[White "Herbst, Richard"]
[Black "Qiao, Cindy"]
[Result "1-0"]
[WhiteElo "2140"]
[BlackElo "1793"]
[PlyCount "97"]
[EventDate "2023.01.17"]
[EventType "swiss (blitz)"]
[EventRounds "11"]
[EventCountry "USA"]
[SourceTitle "CBM 212 Extra"]
[Source "ChessBase"]
[SourceDate "2023.03.31"]
[SourceVersion "1"]
[SourceVersionDate "2023.03.31"]
[SourceQuality "1"]

1. e4 c5 2. Nf3 d6 3. d4 cxd4 4. Nxd4 Nf6 5. Nc3 g6 6. Be3 Bg7 7. f3 Nc6 8. Qd2 0-0 9. 0-0-0 d5 10. exd5 Nxd5 11. Nxc6 bxc6 12. Bd4 e5 13. Bc5 Be6 14. Ne4 Re8 15. h4 Rb8 16. g4 Qc7 17. Bc4 Red8 18. Qf2 a5 19. Bb3 a4 20. Bxa4 Qa5 21. Bb3 Rxb3 22. cxb3 Qxa2 23. Qc2 Qa1+ 24. Qb1 Qa5 25. b4 Qb5 26. Qd3 Qa4 27. Qa3 Qb5 28. Kb1 f5 29. gxf5 Bxf5 30. Qd3 Qb7 31. Qc4 Ra8 32. Rd3 Kh8 33. Ra3 Rd8 34. Ra7 Qc8 35. h5 Qe6 36. hxg6 Qxg6 37. Rg1 Qh6 38. Rgxg7 Qxg7 39. Rxg7 Kxg7 40. Kc1 Nf4 41. Nd6 Rd7 42. Nxf5+ Kf6 43. Nd6 Nd5 44. Qh4+ Ke6 45. Qh6+ Nf6 46. Ne4 Rf7 47. Ng5+ Kf5 48. Nxf7 Ng4 49. fxg4+ 1-0

[Event "Titled Tuesday intern op 17th Jan Late"]
[Site "Chess.com INT"]
[Date "2023.01.17"]
[Round "3"]
[White "Novikov, Evgenij"]
[Black "Herbst, Richard"]
[Result "1-0"]
[WhiteElo "2276"]
[BlackElo "2140"]
[PlyCount "85"]
[EventDate "2023.01.17"]
[EventType "swiss (blitz)"]
[EventRounds "11"]
[EventCountry "USA"]
[SourceTitle "CBM 212 Extra"]
[Source "ChessBase"]
[SourceDate "2023.03.31"]
[SourceVersion "1"]
[SourceVersionDate "2023.03.31"]
[SourceQuality "1"]

1. e4 Nf6 2. e5 Nd5 3. c4 Nb6 4. a4 a5 5. Ra3 d6 6. exd6 cxd6 7. Rg3 Nc6 8. Nc3 g6 9. h4 h5 10. Nh3 Bg7 11. d3 Bf5 12. Ng5 Be5 13. f4 Bg7 14. Be2 Nd4 15. 0-0 Nd7 16. Bf3 Nxf3+ 17. Qxf3 Nc5 18. Qe2 0-0 19. Nge4 Nb3 20. Be3 Nd4 21. Qf2 Ne6 22. Nd5 Qd7 23. Nb6 Qc6 24. Nxa8 Rxa8 25. Nc3 Bxd3 26. Nd5 Kf8 27. Rc1 Bf5 28. b3 Nc5 29. Bd4 e5 30. fxe5 Ne4 31. Qf4 Nxg3 32. Qxg3 dxe5 33. Bxe5 Re8 34. Bd6+ Kg8 35. Ne7+ Rxe7 36. Bxe7 Qe4 37. Re1 Bd4+ 38. Kh2 Qc2 39. Qb8+ Kh7 40. Qf8 Qf2 41. Qxf7+ Bg7 42. Bf6 Qxe1 43. Qxg7# 1-0